Quale di queste due città ha più abitanti- Italia - Statistics

Statistiche generali
  • Questo quiz è stato fatto 62 volte
    28 dall'ultimo reset
  • Il punteggio medio è 11 su 15
Statistiche sulle risposte
Domanda Risposta % Corretto
Quale delle due ha più abitanti? Messina
96%
Quale delle due ha più abitanti? Padova
96%
Quale delle due ha più abitanti? Torino
91%
Quale delle due ha più abitanti? Giuliano in Campania
87%
Quale delle due ha più abitanti? Firenze
83%
Quale delle due ha più abitanti? Fiumicino
83%
Quale delle due ha più abitanti? Parma
83%
Quale delle due ha più abitanti? Cosenza
74%
Quale delle due ha più abitanti? Livorno
74%
Quale delle due ha più abitanti? Rieti
74%
Quale delle due ha più abitanti? Prato
70%
Quale delle due ha più abitanti? Udine
65%
Quale delle due ha più abitanti? Treviso
57%
Quale delle due ha più abitanti? Matera
48%
Quale delle due ha più abitanti? Reggio Emilia
35%
Nessun quiz corrispondente trovato
Distribuzione punteggi
Percentuale di utenti per punteggio
Percentile per numero di risposta
I tuoi punteggi nel tempo
Non hai fatto questo quiz dall'ultimo reset